World Business Council for Sustainable Development (Record no. 120311)

MARC details
000 -LEADER
fixed length control field 00798cam a2200145 4500
001 - CONTROL NUMBER
control field WS122921
008 - FIXED-LENGTH DATA ELEMENTS--GENERAL INFORMATION
fixed length control field 030703n 000 0 eng u
035 ## - SYSTEM CONTROL NUMBER
System control number (Sirsi) u122921
110 ## - MAIN ENTRY--CORPORATE NAME
Corporate name or jurisdiction name as entry element World Business Council for Sustainable Development
9 (RLIN) 4488
245 ## - TITLE STATEMENT
Title World Business Council for Sustainable Development
Medium [electronic resource]
520 ## - SUMMARY, ETC.
Summary, etc. Web site for this coalition of 165 international companies, drawn from 30 countries and 20 industrial sectors, 'united for a shared commitment to sustainable development via the three pillars of economic growth, ecological balance and social progress'. Includes details of key projects and case studies.
690 ## - LOCAL SUBJECT ADDED ENTRY--TOPICAL TERM (OCLC, RLIN)
Topical term or geographic name as entry element ENVIRONMENTAL AND LAND CONSULTANCY-ENERGY
856 40 - ELECTRONIC LOCATION AND ACCESS
Uniform Resource Identifier <a href="www.wbcsd.org">www.wbcsd.org</a>
Public note View the website free of charge at www.wbcsd.org
942 ## - ADDED ENTRY ELEMENTS (KOHA)
Suppress in OPAC 0
Holdings
Withdrawn status Lost status Source of classification or shelving scheme Damaged status Not for loan Home library Current library Shelving location Date acquired Total Checkouts Full call number Barcode Date last seen Copy number Price effective from Koha item type
    Dewey Decimal Classification     Virtual Virtual Online 03/07/2003   WEB SITE 122921-1001 06/08/2019 1 06/08/2019 Online material